Welcome to CU Library Online Public Access Catalogue (OPAC)

Operative surgery / (Record no. 3754)

MARC details
000 -LEADER
fixed length control field 00741cam a2200217 a 4500
001 - CONTROL NUMBER
control field 2469135
005 - DATE AND TIME OF LATEST TRANSACTION
control field 20250209145633.0
008 - FIXED-LENGTH DATA ELEMENTS--GENERAL INFORMATION
fixed length control field 901217s1991 enka 001 0 eng c
020 ## - INTERNATIONAL STANDARD BOOK NUMBER
International Standard Book Number 9780397446285
050 00 - LIBRARY OF CONGRESS CALL NUMBER
Classification number RD32
Item number .O585 1991
082 00 - DEWEY DECIMAL CLASSIFICATION NUMBER
Classification number 617.9
Edition information 20
245 00 - TITLE STATEMENT
Title Operative surgery /
Statement of responsibility, etc. [edited by] Sir Roy Y. Calne, Stephen G. Pollard.
260 ## - PUBLICATION, DISTRIBUTION, ETC.
Place of publication, distribution, etc. London ;
-- New York :
Name of publisher, distributor, etc. Gower Medical Pub. ;
Place of publication, distribution, etc. Philadelphia, PA, USA :
Name of publisher, distributor, etc. Distributed in USA and Canada by J.B. Lippincott Co.,
Date of publication, distribution, etc. c1992.
300 ## - PHYSICAL DESCRIPTION
Extent 1 v. (various pagings) :
Other physical details col. ill. ;
Dimensions 32 cm.
500 ## - GENERAL NOTE
General note Includes index.
650 #0 - SUBJECT ADDED ENTRY--TOPICAL TERM
Topical term or geographic name entry element Surgery, Operative.
650 #2 - SUBJECT ADDED ENTRY--TOPICAL TERM
Topical term or geographic name entry element Surgery, Operative.
700 1# - ADDED ENTRY--PERSONAL NAME
Personal name Calne, Roy Yorke.
700 1# - ADDED ENTRY--PERSONAL NAME
Personal name Pollard, Stephen G.
942 ## - ADDED ENTRY ELEMENTS (KOHA)
Source of classification or shelving scheme Library of Congress Classification
Koha item type Books
Suppress in OPAC No
999 ## -
-- 3754
-- 3754
Holdings
Withdrawn status Lost status Source of classification or shelving scheme Damaged status Not for loan Collection Home library Current library Shelving location Date acquired Total checkouts Full call number Barcode Date last seen Copy number Price effective from Koha item type
    Library of Congress Classification     Non-fiction Science Library (Miotso) Science Library (Miotso) General stacks 02/09/2025   RD32 .O585 OPE SLM00003384 02/09/2025 1 02/09/2025 Books
    Library of Congress Classification     Non-fiction Science Library (Miotso) Science Library (Miotso) General stacks 02/09/2025   RD32 .O585 OPE SLM00003385 02/09/2025 2 02/09/2025 Books
    Library of Congress Classification     Non-fiction Science Library (Miotso) Science Library (Miotso) General stacks 02/09/2025   RD32 .O585 OPE SLM00003386 02/09/2025 3 02/09/2025 Books
    Library of Congress Classification     Non-fiction Science Library (Miotso) Science Library (Miotso) General stacks 02/09/2025   RD32 .O585 OPE SLM00003387 02/09/2025 4 02/09/2025 Books
    Library of Congress Classification     Non-fiction Science Library (Miotso) Science Library (Miotso) General stacks 02/09/2025   RD32 .O585 OPE SLM00003388 02/09/2025 5 02/09/2025 Books
    Library of Congress Classification     Non-fiction Science Library (Miotso) Science Library (Miotso) General stacks 02/09/2025   RD32 .O585 OPE SLM00003389 02/09/2025 6 02/09/2025 Books
    Library of Congress Classification     Non-fiction Science Library (Miotso) Science Library (Miotso) General stacks 02/09/2025   RD32 .O585 OPE SLM00003390 02/09/2025 7 02/09/2025 Books
    Library of Congress Classification     Non-fiction Science Library (Miotso) Science Library (Miotso) General stacks 02/09/2025   RD32 .O585 OPE SLM00003391 02/09/2025 8 02/09/2025 Books
© 2023-2024 Copyright: Central University Libraries. All Rights Reserved | Created by: Mahone Tech Office